000 00511nam a2200181Ia 4500
005 20250606154443.0
008 008 250516s9999 xx 000 0 eng d
020 _a9781647255800
040 _beng
_cSDCL
041 _aeng
_2eng
084 _aX:(G:55) R5
100 _a Lebel, Danny
_9812081
245 0 _aCreative economy and sustainable development
260 _aNew York :
_bNY Research Press,
_c2025.
300 _a249p.
650 _aBusiness Economics and Finance
_9812082
942 _cTEXL
_2CC
999 _c1430631
_d1430631